000
00288nam a22001337a 4500
020
_a
81-7622-099-X
041
_a
ENG
100
_a
Wright.A.T
245
_a
Flowers and Gardens
260
_a
Delhi
_b
Biotech Books
_c
2004
300
_a
114
650
_a
Horticultural
856
_u
M.Tech ( 7 )
999
_c
1064
_d
1064